000 00353cam a2200145 4500
001 L135681
008 061124n2007 000 0 eng u
020 _a1405124687
_a9781405124683
035 _a(Sirsi) u135681
100 _aLowe, David
245 _aCommercial management
260 _aBlackwell publishing
_c2007
350 _a32.99
942 _n0
999 _c106148
_d106148